15 największych miast Francji - Statystyki

Ogólne statystyki
  • Ten quiz został rozwiązany 124 razy
  • Średni wynik to 10 z 15
Statystyki odpowiedzi
Ludność Miasto % Poprawnych
2 165 423 Paryż
100%
870 731 Marsylia
98%
522 969 Lyon
95%
260 958 Bordeaux
84%
342 669 Nicea
82%
234 475 Lille
75%
287 228 Strasburg
73%
493 465 Tuluza
71%
318 808 Nantes
67%
295 542 Montpellier
61%
220 488 Rennes
57%
181 194 Reims
43%
173 821 Saint-Étienne
34%
168 290 Hawr
16%
178 745 Tulon
16%
Nie znaleziono quizów pasujących do podanych kryteriów
Rozkład punktacji
Procent ludzi z każdym wynikiem
Percentyl według liczby udzielonych odpowiedzi
Twoja historia wyników
Nie rozwiązałeś tego quizu